000 00319nam a2200157Ia 4500
100 _aIMS
650 _aGeneral
942 _cBK
654 _aenglish proficiency
245 _aEnhance your english Proficiency
260 _bIMS
_c2004
082 _a372.6
_bIMS
300 _a204
546 _aENGLISH
999 _c24271
_d24271